42 Biggest Asteroids in our Solar System - Statistics

General Stats
  • This quiz has been taken 19 times
  • The average score is 12 of 42
Answer Stats
Answer % Correct
Ceres
100%
Vesta
100%
Juno
71%
Pallas
71%
Hygiea
64%
Europa
57%
Hebe
50%
Sylvia
50%
Davida
43%
Iris
43%
Psyche
43%
Eunomia
36%
Interamnia
36%
Elektra
29%
Flora
29%
Lutetia
29%
Bamberga
21%
Daphne
21%
Doris
21%
Euphrosyne
21%
Fortuna
21%
Kalliope
21%
Kleopatra
21%
Metis
21%
Themis
21%
Thisbe
21%
Nemesis
14%
Adeona
7%
Amphitrite
7%
Athamantis
7%
Ausonia
7%
Egeria
7%
Eleonora
7%
Eugenia
7%
Ino
7%
Julia
7%
Lamberta
7%
Melpomene
7%
Nemausa
7%
Parthenope
7%
Urania
7%
Victoria
7%
No matching quizzes found
Score Distribution
Percent of People with Each Score
Percentile by Number Answered
Your Score History
You have not taken this quiz